00651nam a22002297a 450000500170000001000110001702000220002803500110005003700160006104000120007708200150008910000190010424501040012326000480022727000180027530000260029350000200031965000180033965000180035770000200037570000260039520170124110242.0 a794451 c00.00a0001033379 a794451 bCen Lib/Ret aDPLbEN a646.2bBEN aBennett, Maggi aCollins creative craft books :cby Maggi Bennett, Sarajean Capua [and] jaeanette McArthurbstichery aGreat BritainbWiiliams collins Sons c1970 bGreat Britain a48p.:c29cm(Hb)bill. aincludes index  a Embroidery.  a Needlework. a Capua,Sarajean a McArthur, Jaeanette